00330cam a2200145ua 45000010005000000080039000050400009000440410012000530820012000651000018000772450013000952600038001083000016001466530022001626384120121n1995 II |||gr||||Z||||||eng aMAIN aEnglish a590 KOT aKOTPAL, R. L. aANNELIDA aMEERUTbRASTOGI PUBLICATIONc1995 a263:c22CM. aAnimals (Zoology)